| LEADER | 01806nam a2200265 a 4500 | ||
|---|---|---|---|
| 001 | GR-Patra16688 | ||
| 003 | GR-PaULI | ||
| 005 | 20240214120854.0 | ||
| 008 | 040114s2000 gr e b 000 0 gre d | ||
| 020 | |a 9602865482 | ||
| 040 | |a GrPaTEI |b gre |c GR-PaULI |e AACR2 | ||
| 082 | 0 | 4 | |a 338.479 1 |2 23 |
| 100 | 1 | |a Σφακιανάκης, Μανώλης Κων., |d 1935- |e συγγραφέας. |9 132898 | |
| 245 | 1 | 0 | |a Εναλλακτικές μορφές τουρισμού / |c Μανώλης Κων. Σφακιανάκης. |
| 260 | |a [Αθήνα] : |b Έλλην, |c c2000. | ||
| 300 | |a 325 σ. ; |c 24 εκ. | ||
| 504 | |a Περιλαμβάνει βιβλιογραφικές παραπομπές και ευρετήριο. | ||
| 650 | 4 | |a Τουρισμός |9 3254 | |
| 942 | |2 ddc |c BK | ||
| 952 | |0 0 |1 0 |2 ddc |4 0 |6 338_479100000000000_ΣΦΑ |7 0 |9 296296 |a LISK |b LISK |c BSC |d 2021-01-17 |e 24 |f 1 |g 0.00 |l 0 |o 338.4791 ΣΦΑ |p 92410027362 |r 2021-01-17 00:00:00 |t 1 |w 2021-01-17 |y BK15 |x 20060308 0 1 |x GrPaTEI | ||
| 952 | |0 0 |1 0 |2 ddc |4 0 |6 338_479100000000000_ΣΦΑ |7 0 |9 296297 |a LISK |b LISK |c EUD |d 2021-01-17 |e 24 |f 2 |g 0.00 |l 1 |o 338.4791 ΣΦΑ |p 92410059594 |r 2023-04-05 00:00:00 |s 2023-03-22 |t 2 |w 2021-01-17 |y BK15 |x 20140605 0 1 |x GrPaTEI | ||
| 952 | |0 0 |1 0 |2 ddc |4 0 |6 338_479100000000000_ΣΦΑ |7 0 |9 296298 |a LISK |b LISK |c BSC |d 2021-01-17 |e 24 |f 1 |g 0.00 |l 0 |o 338.4791 ΣΦΑ |p 99241000066933 |r 2021-01-17 00:00:00 |t 3 |w 2021-01-17 |y BK15 |x GrPaTEI | ||
| 952 | |0 0 |1 0 |2 ddc |4 0 |6 338_479000000000000_1_ΣΦΑ |7 0 |9 296300 |a LISP |b LISP |c BSC |d 2021-01-17 |e |f |i 62054 |l 0 |o 338.479 1 ΣΦΑ |p 025000306800 |r 2021-01-17 00:00:00 |t 5 |w 0000-00-00 |y BK15 |x |x |x | ||
| 952 | |0 0 |1 0 |2 ddc |4 0 |6 338_479000000000000_1_ΣΦΑ |7 0 |9 296301 |a LISP |b LISP |c BSC |d 2021-01-17 |e |f |i 62055 |l 0 |o 338.479 1 ΣΦΑ |p 025000306799 |r 2021-01-17 00:00:00 |t 4 |w 0000-00-00 |y BK15 |x |x |x | ||
| 999 | |c 172711 |d 172711 | ||